• 首页
  • 本馆介绍
  • 公告通知
  • 最新文献
  • 馆藏检索
  • 电子资源
  • 读者导购
  • 参考咨询
  • 我的图书馆
  • 登录
  • 详细信息显示
  • 放入我的书架
  • 预约/预借图书
  • 作者相关作品
  • 分类相关作品
  • 丛书相关作品
  • 出版社相关作品

书目信息

  • 表格格式
  • 工作单格式
  • 卡片格式
题名:
磁共振伪影与假象
    
 
作者: 沙琳 , 赵一平 主编
分册:  
出版信息: 北京   科学出版社  2019
页数: 265页
开本: 26cm
丛书名:
单 册:
中图分类: R445.2
科图分类:
主题词: 核磁共振成象--研究
电子资源:
ISBN: 978-7-03-061018-8
000 00640cam0 2200217 450
001 2065479393
005 20201127181138.79
010    @a978-7-03-061018-8@b精装@dCNY119.00
100    @a20190617d2019 em y0chiy50 ea
101 0  @achi
102    @aCN@b110000
105    @aak z 000yy
200 1  @a磁共振伪影与假象@9ci gong zhen wei ying yu jia xiang@b专著@f沙琳,赵一平主编
210    @a北京@c科学出版社@d2019
215    @a265页@c图,照片@d26cm
606 0  @a核磁共振成象@x研究
690    @aR445.2@v5
701  0 @a沙琳@9sha lin@4主编
701  0 @a赵一平@9zhao yi ping@4主编
801  2 @aCN@b58marc.cn@c20190723
905    @aZUCC@dR445.2@e5
    
    磁共振伪影与假象/沙琳,赵一平主编.-北京:科学出版社,2019
    265页:图,照片;26cm
    
    
    ISBN 978-7-03-061018-8(精装):CNY119.00
    
●
相关链接 在五车中查询图书 在当当中查询图书 在豆瓣中查询图书


正题名:磁共振伪影与假象     索取号:R445.2/5         预约/预借

序号 登录号 条形码 馆藏地/架位号 状态 备注
1 871017   2000871017   第二书库/ [索取号:R445.2/5] 在馆    
2 871018   2000871018   第二书库/ [索取号:R445.2/5] 在馆    
3 871019   2000871019   第二书库/ [索取号:R445.2/5] 在馆    
山东省滨州职业学院图书馆 欢迎您!
大连网信软件有限公司© 版权所有